Czterej pancerni i pies - Statystyki

Ogólne statystyki
  • Ten quiz został rozwiązany 39 razy
  • Średni wynik to 9 z 21
Statystyki odpowiedzi
odcinek Odpowiedź % Poprawnych
4 Psi pazur
75%
1 Załoga
75%
21 Dom
70%
3 Gdzie my tam granica
60%
6 Most
60%
20 Brama
50%
10 Kwadrans po nieparzystej
50%
8 Brzeg morza
45%
5 Rudy, miód i krzyże
45%
14 Czerwona seria
40%
2 Radość i gorycz
40%
9 Zamiana
40%
17 Klin
35%
18 Pierścienie
35%
12 Fort Olgierd
35%
7 Rozstajne drogi
35%
15 Wysoka fala
30%
19 Tiergarten
30%
13 Zakład o śmierć
25%
16 Daleki patrol
20%
11 Wiosenny siew
15%
Nie znaleziono quizów pasujących do podanych kryteriów
Rozkład punktacji
Procent ludzi z każdym wynikiem
Percentyl według liczby udzielonych odpowiedzi
Twoja historia wyników
Nie rozwiązałeś tego quizu